| 000 | 00436nam a22001817a 4500 | ||
|---|---|---|---|
| 003 | CEME | ||
| 005 | 20210628205427.0 | ||
| 008 | 210316b xxu||||| |||| 00| 0 eng d | ||
| 020 | _a1-57521-075-8 | ||
| 040 | _c. | ||
| 082 | _a005.133-J DAN'T | ||
| 100 |
_aDanesh, Arman _975499 |
||
| 245 | _aTeach yourself java script in a week | ||
| 260 |
_aINDIANA _bSAMS NET _c1996 |
||
| 300 | _a543P | ||
| 650 |
_aV _975500 |
||
| 942 |
_cBK _2ddc |
||
| 999 |
_c580902 _d580902 |
||